00454nam a22001577a 450000500170000001000130001702000260003003500130005603700140006908200110008310000210009424500780011526000360019327000520022930000150028120120719111035.0 aG-002034 a9780141035482c399.00 aG-002034 adplbGift a332.09 aFerguson, Niall. aThe Ascent of Money;ba Financial History of the worldcby Niall Ferguson aNew DelhibPenguin Groupsc2009 a11 Community Centre, Panchseel Park,bNew Delhi a441pc22cm